000 00298nam a22001337a 4500
008 170607b xxu||||| |||| 00| 0 eng d
020 _a9780312387914
041 _aeng
080 _27TH
_a94(7/8)
100 _a18
101 _aSHH
245 _aAMERICA'S HISTORY
_cHENRETTA,J.A
942 _2udc
_cBK
999 _c16284
_d16284